000 00292nam a22001217a 4500
008 190315b xxu||||| |||| 00| 0 eng d
041 _aeng
080 _a043.3
100 _a0
101 _aSHKI-BA
245 _aZhvillimi i Aplikacionit ne Web "PHP-KS Forumi"
_cRexhepi, I
942 _2udc
_cBK
999 _c54825
_d54825